| 000 | 00589nam a2200229Ia 4500 | ||
|---|---|---|---|
| 003 | OSt | ||
| 005 | 20220928143523.0 | ||
| 006 | a|||||r|||| 00| 0 | ||
| 007 | ta | ||
| 008 | 220927b |||||||| |||| 00| 0 eng d | ||
| 024 | _a22324 | ||
| 037 | _cTextual | ||
| 040 |
_aSDCL _cSDCL _beng |
||
| 041 |
_2eng _aeng |
||
| 082 | _aG0bB, M3 | ||
| 100 |
_aJones D S _9466677 |
||
| 245 | 0 | _aDifferemtial equations and mathematical biology. | |
| 260 | _c1983 | ||
| 700 |
_a Sleeman B D _9466679 |
||
| 942 |
_hG0bB, M3 _cTEXL _2CC |
||
| 999 |
_c824322 _d824322 |
||